000 00639nam a22001817a 4500
999 _c17412
_d17412
003 AR-CdUCM
008 190508b ||||| |||| 00| 0 spa d
040 _aMUNICIPALIDAD PROVINCIAL DEL CUSCO
_cBIBLIOTECA MUNICIPAL DEL CUSCO
082 _a100 /
_bSI56
_27 ed.
100 _aSimmel, Georg.
_937414
245 _aProblemas fundamentales de la filosofía /
260 _aMéxico :
_bUteha,
_c1961.
300 _a165 páginas ;
_c18 cm.
505 _aContenido :¿Que es la filosofía? -- El ser y el devenir -- Sujeto y objeto -- Las exigencias ideales ...
650 _aLiteratura.
_983
942 _2ddc
_cLIBROS
945 _arum
_d2019-05-08